Southville International School and Colleges
Your cart is empty.
  • Cart
  • Lists
    Public lists Eva Luna New books Lux_list list_1
    Your lists Log in to create your own lists
  • Log in to your account
  • Your cookies
  • Search history
Southville International School and Colleges
  • Advanced search
  • Recent comments
  • Most popular
  • Libraries

Log in to your account

Log in with GOOGLE


If you do not have an external account, but do have a local account, you can still log in:

  1. Home
  2. MARC view: Algebra for College students
Normal view MARC view ISBD view

Algebra for College students (Record no. 9721)

[ view plain ]
MARC details
000 -LEADER
fixed length control field 00553nam a22002177a 4500
003 - CONTROL NUMBER IDENTIFIER
control field SISC
005 - DATE AND TIME OF LATEST TRANSACTION
control field 20160226083706.0
008 - FIXED-LENGTH DATA ELEMENTS--GENERAL INFORMATION
fixed length control field 130307t xxu||||| |||| 00| 0 eng d
020 ## - INTERNATIONAL STANDARD BOOK NUMBER
International Standard Book Number 9780071249980
050 ## - LIBRARY OF CONGRESS CALL NUMBER
Classification number QA152.3.
Item number D837 2006
082 ## - DEWEY DECIMAL CLASSIFICATION NUMBER
Classification number HS 512.9
Item number D87 2006
100 ## - MAIN ENTRY--PERSONAL NAME
Personal name Dugopolski, Mark
9 (RLIN) 11543
245 ## - TITLE STATEMENT
Title Algebra for College students
Statement of responsibility, etc Mark Dugopolski
250 ## - EDITION STATEMENT
Edition statement 4th ed.
260 ## - PUBLICATION, DISTRIBUTION, ETC. (IMPRINT)
Place of publication, distribution, etc New York
Name of publisher, distributor, etc McGraw Hill
Date of publication, distribution, etc 2006
300 ## - PHYSICAL DESCRIPTION
Extent 889 p.;
Dimensions 27cm
562 ## - COPY AND VERSION IDENTIFICATION NOTE
Number of copies 1
650 ## - SUBJECT ADDED ENTRY--TOPICAL TERM
Topical term or geographic name as entry element Algebra.
9 (RLIN) 11545
942 ## - ADDED ENTRY ELEMENTS (KOHA)
Source of classification or shelving scheme Library of Congress Classification
Koha item type Books
Holdings
Withdrawn status Lost status Source of classification or shelving scheme Damaged status Home library Current library Shelving location Date acquired Total Checkouts Full call number Barcode Date last seen Copy number Price effective from Koha item type
    Library of Congress Classification   Luxembourg Library Luxembourg Library High School Section 08/28/2013   QA152.3 .D837 2006 14885 02/26/2016 1 08/28/2013 Books

Algebra for College students

APA

Dugopolski M., . (2006). Algebra for College students. New York: McGraw Hill.

Chicago

Dugopolski Mark, . 2006. Algebra for College students. New York: McGraw Hill.

Harvard

Dugopolski M., . (2006). Algebra for College students. New York: McGraw Hill.

MLA

Dugopolski Mark, . Algebra for College students. New York: McGraw Hill. 2006.

  • Place hold
  • Print
  • Cite
  • Add to your cart (remove)
  • Save record
    BIBTEX Dublin Core MARCXML MARC (non-Unicode/MARC-8) MARC (Unicode/UTF-8) MARC (Unicode/UTF-8, Standard) MODS (XML) RIS
  • More searches
    Search for this title in:
    Other Libraries (WorldCat) Other Databases (Google Scholar) Online Stores (Bookfinder.com) Open Library (openlibrary.org)

Exporting to Dublin Core...

SOUTHVILLE LIBRARY

Southville International School and Colleges Library

1281 Tropical Ave. Cor. Luxembourg St., BF Homes International, Las Pinas City

Tel. No. 8256374 / 252358 Loc. 117/146

Powered by Koha